00519nam a2200157Ia 4500008004100000040001900041041001200060082002900072245010600101250002600207260004000233300002100273650002200294700002300316850002200339131103s9999 xx 000 0 und d aLoreto College aEnglish a423.443/PATbLCLIB/24480 aBhargava's standard illustrated dictionary of the Hindi languageccomplied and edited by R. C. Pathak aRev. and enlarged ed. aVaranasibBhargava Book Depotc1970 a1237p. c 22c.m. aDictonary - hindi aPathak, R. C.; ed. aLCLIB/491.433/PAT